| 000 | 00000nam##2200000za#4500 |
| 001 | 9.662530 |
| 003 | CaOODSP |
| 005 | 20231123085145 |
| 007 | ta |
| 008 | 150407|2001||||xxc||||| f|0| 0 fre|d |
| 020 | |a0-662-29933-7 |
| 040 | |aCaOODSP|bfre |
| 041 | |aeng |
| 041 | |afre |
| 043 | |an-cn--- |
| 086 | 1 |aE2-213/2001 |
| 110 | 1 |aCanada. |bAffaires étrangères et commerce international Canada. |
| 245 | 10|aCadre pour l'évaluation environnementale des négociations commerciales |
| 260 | |aOttawa - Ontario : |bAffaires étrangères et Commerce international |c2001. |
| 300 | |aTexte français, iii, 22p. ; |c28 cm. |
| 500 | |a«Le cadre est organisé en deux grandes parties. Partie 1 consiste à reconnaître les considérations environnementales du commerce, et à décrire comment le cadre mènera à des politiques commerciale et environnementale complémentaires. La partie 2 expose les exigences procédurales et analytiques de l'évaluation environnementale de négociations commerciales.»--Sommaire. |
| 520 | 3 |aLe cadre est organisé en deux grandes parties. Partie 1 consiste à reconnaître les considérations environnementales du commerce, et à décrire comment le cadre mènera à des politiques commerciale et environnementale complémentaires. La partie 2 expose les exigences procédurales et analytiques de l'évaluation environnementale de négociations commerciales.--Sommaire |
| 546 | |aBilingue |
| 563 | |aCouverture souple |
| 590 | |a01-11|b2001-03-16 |
| 691 | 07|aÉvaluation environnementale|2gcpds |
| 691 | 07|aNégociations commerciales|2gcpds |
| 691 | 07|aPolitique|2gcpds |
| 776 | 0#|tCadre pour l'évaluation environnementale des négociations commerciales |w(CaOODSP)9.637736 |
| 776 | 0#|tFramework for conducting environmental assessments of trade negotiations |w(CaOODSP)9.693561 |
| 791 | |tFramework for conducting environmental assessments of trade negotiations |eeng|w(CaOODSP)9.662529 |